ELECTRICAL GROUNDING,BRINGING GROUNDING BACK TO EARTH , BASED ON THE 1987 NATIONAL ELECTRICAL CODE (Record no. 571459)

000 -LEADER
fixed length control field 00451nam a22001337a 4500
020 ## - INTERNATIONAL STANDARD BOOK NUMBER
International Standard Book Number 0-8273-3229-7
082 ## - DEWEY DECIMAL CLASSIFICATION NUMBER
Classification number 621.3192 ORI'E
100 ## - MAIN ENTRY--PERSONAL NAME
Personal name O'RILEY, RONALD P
9 (RLIN) 62319
245 ## - TITLE STATEMENT
Title ELECTRICAL GROUNDING,BRINGING GROUNDING BACK TO EARTH , BASED ON THE 1987 NATIONAL ELECTRICAL CODE
260 ## - PUBLICATION, DISTRIBUTION, ETC.
Place of publication, distribution, etc. DELMAR PUBLISHER
Name of publisher, distributor, etc. NEWYORK
Date of publication, distribution, etc. 1988
300 ## - PHYSICAL DESCRIPTION
Extent 325P
650 ## - SUBJECT ADDED ENTRY--TOPICAL TERM
Topical term or geographic name entry element ELECTRIC CURRENTS-GROUNDING NATIONAL FIRE PROTECTION ASSOCIATION
9 (RLIN) 62320
942 ## - ADDED ENTRY ELEMENTS (KOHA)
Koha item type Book
Holdings
Withdrawn status Lost status Damaged status Not for loan Permanent Location Current Location Shelving location Date acquired Total Checkouts Full call number Barcode Date last seen Price effective from Koha item type
        College of Electrical & Mechanical Engineering (CEME) College of Electrical & Mechanical Engineering (CEME) General Stacks 07/24/2017   621.3192 ORI'E CEME-25943 06/28/2021 06/28/2021 Book
© 2023 Central Library, National University of Sciences and Technology. All Rights Reserved.